000 01330nam a22002537a 4500
005 20260611131724.0
008 260611t2015 |||||||| |||| 00| 0 spa d
040 _aCO-BoUCM
_bspa
_cStefania Borbon
_dStefania Borbon
041 _aspa
100 _aLlácer, Toni
_9189700
245 _aNietzsche :
_bel superhombre y la voluntad de poder /
_cToni Llácer
260 _aEspaña;
_bBatiscafo,
_c2015
300 _a143 páginas
490 _aDescubrir la filosofía
520 _aEstudio divulgativo sobre el itinerario intelectual de Friedrich Nietzsche. Explora sus conceptos capitales el superhombre, la voluntad de poder, el eterno retorno y la transvaloración de los valores estructurado a partir de las tres grandes máscaras conceptuales que definen su obra: Dioniso, Zaratustra y el Anticristo, ofreciendo un manual accesible para comprender su crítica a la metafísica y moral occidentales.
600 _aNietzsche, Friedrich Wilhelm,
_d1844-1900
_xCrítica e interpretación
_967363
650 4 _aFilosofía alemana
_ySiglo XIX
_9189701
650 4 _aSuperhombre (Filosofía)
_9189702
650 4 _aVoluntad de poder (Filosofía)
_9189703
700 1 _aGarcía, Nacho
_eilustrador
_9189642
700 1 _aCruz, Manuel
_edirector
_935498
942 _2DEWEY
_a2
_cLIBRO
_e1
_h193
_mL791n
999 _c326512
_d326512